• 首页
  • 本馆介绍
  • 公告通知
  • 最新文献
  • 馆藏检索
  • 电子资源
  • 读者导购
  • 参考咨询
  • 我的图书馆
  • 登录
  • 详细信息显示
  • 放入我的书架
  • 预约/预借图书
  • 作者相关作品
  • 分类相关作品
  • 丛书相关作品
  • 出版社相关作品

书目信息

  • 表格格式
  • 工作单格式
  • 卡片格式
题名:
追踪引力波
    
 
作者: 比奈托利 著 ;叶欣欣 译
分册:  
出版信息: 北京   人民邮电出版社  2017.03
页数: 212页
开本: 23cm
丛书名:
单 册:
中图分类: P142.8 , P142.8-49
科图分类:
主题词: 引力波--理论天体物理学--普及读物
电子资源:
ISBN: 978-7-115-44834-7
000 01124nam0 2200277 450
001 4550
005 20181012113813.19
010    @a978-7-115-44834-7@dCNY49.00
100    @a20170619d2017 em y0chiy50 ea
101 1  @achi@cfre
102    @aCN@b110000
105    @aa z 001yy
200 1  @a追踪引力波@9zhui zong yin li bo@dA la poursuite des ondes gravitationnelles@e寻找时空的涟漪@f(法)皮埃尔·比奈托利著@zfre@g叶欣欣译
210    @a北京@c人民邮电出版社@d2017.03
215    @a212页@c图@d23cm
305    @a由DUNOD Editeur授权出版
330    @a本书以浅显易懂的物理学和天文学知识为起点,详细讲述了引力的奥秘,阐释了引力波及其发现对物理学和天文学发展的深刻意义,介绍了在全球范围内,人们为探索引力波而创造的最新尖端技术。
510 1  @aA la poursuite des ondes gravitationnelles@zfre
517 1  @a寻找时空的涟漪@9xun zhao shi kong de lian yi
606 0  @a引力波@x理论天体物理学@j普及读物
690    @aP142.8@v5
690    @aP142.8-49@v4
701  0 @c(法)@a比奈托利@9bi nai tuo li@c(Binétruy, Pierre)@4著
702  0 @a叶欣欣@9ye xin xin@4译
801  0 @aCN@b91MARC@c20170619
905    @aMuseLib@dP142.8-49@e277
    
    追踪引力波=A la poursuite des ondes gravitationnelles:寻找时空的涟漪/(法)皮埃尔·比奈托利著/叶欣欣译.-北京:人民邮电出版社,2017.03
    212页:图;23cm
    
    
    ISBN 978-7-115-44834-7:CNY49.00
    本书以浅显易懂的物理学和天文学知识为起点,详细讲述了引力的奥秘,阐释了引力波及其发现对物理学和天文学发展的深刻意义,介绍了在全球范围内,人们为探索引力波而创造的最新尖端技术。
●
相关链接 在E读中查询图书 在五车中查询图书 在当当中查询图书 在豆瓣中查询图书


正题名:追踪引力波     索取号:P142.8-49/277         预约/预借

序号 登录号 条形码 馆藏地/架位号 状态 备注
1 1125666   211256665   第二样本阅览室/ [索取号:P142.8-49/277] 在馆    
2 1125667   211256674   密集书库-资源管理系/ [索取号:P142.8-49/277] 在馆    
3 1125668   211256683   第三借阅区/ [索取号:P142.8-49/277] 在馆    
4 1125669   211256692   第三借阅区/ [索取号:P142.8-49/277] 在馆    
5 1125670   211256709   第三借阅区/ [索取号:P142.8-49/277] 在馆    
唐山师范学院图书馆 欢迎您!
大连网信软件有限公司© 版权所有